000
00466nam a2200133Ia 4500
008
100328s9999 xx 000 0 und d
082
_b
69180
100
_a
काकोडकर चंद्रकांत.
245
_a
चंद्र होता साक्षीला.
260
_b
सुकृत.
630
_a
चंद्र होता साक्षीला.
730
_a
चंद्र होता साक्षीला.
942
_c
BOOK
999
_c
554913
_d
554910